Leonardo da Vinci: cuadernos

保存先:
書誌詳細
第一著者: Suh, H. Anna (著者)
フォーマット: 図書
言語:スペイン語
出版事項: Librero 2014
版:1a. ed
主題:
タグ: タグ追加
タグなし, このレコードへの初めてのタグを付けませんか!

MARC

LEADER 00000cam a2200000 a 4500
001 UCE5504
003 CL-VaPUC
005 20240425101852.0
008 150115e20140000ne |||||||||||||||||spa|d
999 |c 358219  |d 358217 
020 |a 9789089984593 
040 |c Pontificia Universidad Católica de Valparaíso 
082 0 4 |a 759.5  |b SUH  |2 21 
100 0 |a Suh, H. Anna  |e author  |9 578185 
245 1 0 |a Leonardo da Vinci: cuadernos 
250 |a 1a. ed 
260 |b Librero  |c 2014 
300 |a 448 p 
583 |a last modification  |c 20150115 11:28:00  |k Rodrigo Vera 
600 0 |a Da Vinci, Leonardo  |d 1452-1519  |9 561227 
650 0 |a Pintura italiana  |9 265293 
650 7 |a ESCULTURA ITALIANA  |2 CL-VaPUC  |9 329274 
650 0 |a Arquitectura italiana  |9 345013 
650 0 |a Pintores italianos  |9 265277 
942 |c BK  |2 ddc 
945 |d 20150115 11:28:00  |a arojas 
952 |0 0  |1 0  |3 erb  |4 0  |6 759_500000000000000_SUH_2014  |7 0  |8 R  |9 466803  |a BIBART  |b BIBART  |i 5135109  |l 4  |o 759.5 SUH 2014  |p 5135109  |r 2025-03-13  |s 2023-10-11  |w 2019-11-23  |y BK_R  |z Catalogado en:20150115  |k ART